| 000 | 01387nam0a2200337 4500 | ||
|---|---|---|---|
| 001 | RU\NLR\b_ik\202196 | ||
| 005 | 20250613195057.0 | ||
| 010 |
_a978-5-4279-0002-7 _92000 |
||
| 021 |
_aRU _b2013-33285 _92284 |
||
| 035 | _a(NLR Aleph) 009997984 | ||
| 090 |
_a9774728 _c9774728 |
||
| 100 | _a20130521d2013 |||y0rusy50 ca | ||
| 101 | 1 |
_afre _crus |
|
| 102 | _aRU | ||
| 105 | _ay ||||||||| | ||
| 200 | 1 |
_aInstruction pour les immortels, ou Ce que vous avez à faire si vous êtes réellement mort ... _fprêtre Daniel Sissoyev |
|
| 210 |
_aMoscou _cFond. "Le centre missionnaire prêtre Daniel Sissoyev" _d2013 |
||
| 215 |
_a110, [1] c. _d17 |
||
| 517 | 0 | _aCe que vous avez à faire si vous êtes réellement mort ... | |
| 541 | 1 | _aИнструкция для бессмертных или что делать, если вы на самом деле умерли | |
| 606 | 1 |
_aЗагробная жизнь _xПравославная концепция _92074149 _3RU\NLR\AUTH\661249126 |
|
| 606 | 1 |
_aСмерть _xПравославная концепция _92412723 _3RU\NLR\AUTH\661437418 |
|
| 686 | 2 | _aЭ372.24-422.27 | |
| 700 | 1 |
_aSysoev _bD. A. _f1974-2009 _gDaniil Alekseevič _4070 |
|
| 801 | 0 |
_aRU _bNLR _c20130521 _gRCR |
|
| 801 | 1 |
_aRU _bNLR _c20130521 |
|
| 942 | _cBOOK | ||
| 980 | _aNB | ||